| 000 | 01143nam a2200301 a 4500 | ||
|---|---|---|---|
| 003 | DO-SdBNP | ||
| 005 | 20251117093451.0 | ||
| 007 | ta | ||
| 008 | 220404e2015 dr ||||er|||| 001 edspa d | ||
| 020 | _a9789945083323 | ||
| 040 |
_aDO-SdBNP _bspa _cBNPHU |
||
| 082 | 4 |
_222 _bM357d |
|
| 100 | 1 |
_aMárquez, Carlos, _b1953- _958325 |
|
| 245 | 1 | 0 |
_aDiplomacia competitiva: _btiempos de integración y TLC. / _cCarlos Márquez |
| 260 |
_a[Santo Domingo] : _bSan Salvador, _c2015 |
||
| 300 |
_a302 p. ; _c23 cm. |
||
| 500 | _aIncluye datos biográficos del autor en las solapas de las cubiertas. | ||
| 590 | _aInventariado 2022 / MF | ||
| 650 | 4 |
_92257 _aDiplomacia _vHistoria _zRepública Dominicana |
|
| 650 | 0 |
_aLibre comercio _zRepública Dominicana _98570 |
|
| 650 | 0 |
_977002 _aRelaciones exteriores _xAmérica Latina |
|
| 710 | 2 |
_aFundación de Estudios Empresariales y Sociedad para el Desarrollo _981404 |
|
| 710 | 2 |
_aFundación Bienestar y Desarrollo Humano _981405 |
|
| 710 | 2 |
_aFundación Pepe Claudio Cabrera _981406 |
|
| 710 | 2 |
_956394 _aFundación para la Educación y el Arte (EDUCARTE) |
|
| 910 | _aMFeliz | ||
| 942 |
_2ddc _cLBS1 |
||
| 999 |
_c51450 _d51450 |
||